Analysis of number of birth enterprises in Slovakia in years 2008-2014

Salvato in:
Dettagli Bibliografici
Autore principale: Hurbánková, Ľubica, 1980-
Natura: Capitolo di libro
Lingua:inglese
Tags: Aggiungi Tag
Nessun Tag, puoi essere il primo ad aggiungerne!!

MARC

LEADER 00000naa$a2200000$$$4500
001 0237412
005 20240502073832.1
041 0 |a eng 
044 |a SK 
245 1 0 |a Analysis of number of birth enterprises in Slovakia in years 2008-2014  |c Ľubica Hurbánková 
500 |a Abstrakt 
100 1 |a Hurbánková, Ľubica, 1980-